Gomathi/ (Record no. 186833)

MARC details
000 -LEADER
fixed length control field 00620nam a22001937a 4500
005 - DATE AND TIME OF LATEST TRANSACTION
control field 20220321121320.0
010 ## - LCCN (DPL NO)
LC control number ENG-132033
020 ## - INTERNATIONAL STANDARD BOOK NUMBER
International Standard Book Number 9789385471742
Terms of availability 100.00
035 ## - SYSTEM CONTROL NUMBER
System control number EN-115565
037 ## - SOURCE OF ACQUISITION
Source of stock number/acquisition DBAD
082 ## - DEWEY DECIMAL CLASSIFICATION NUMBER
Classification number N
100 ## - MAIN ENTRY--PERSONAL NAME
Personal name Jeevakumaran's, V.
245 ## - TITLE STATEMENT
Title Gomathi/
Remainder of title V.Jeevakumaran's and Translated by S. Visweswaran
260 ## - PUBLICATION, DISTRIBUTION, ETC. (IMPRINT)
Place of publication, distribution, etc Chennai
Name of publisher, distributor, etc Unique Media Integrators
Date of publication, distribution, etc 2017
270 ## - ADDRESS
Address No. 8, 6th Cross, 8th Main Road, Vaishnavi Nagar, Thirumullaivoyal
City Chennai
Postal code 600109
Electronic mail address umi.infobooks@gmail.com
300 ## - PHYSICAL DESCRIPTION
Extent 104p
Dimensions 21cm(pbk)
700 ## - ADDED ENTRY--PERSONAL NAME
Personal name Translated by S. Visweswaran
942 ## - ADDED ENTRY ELEMENTS (KOHA)
Source of classification or shelving scheme Dewey Decimal Classification
Item type English Books
Classification part N
Call number suffix JEV
Holdings
Withdrawn status Lost status Not for loan Collection code Home library Current library Date acquired Source of acquisition Cost, normal purchase price Full call number Barcode Copy number Cost, replacement price Koha item type
    Not For Loan Fiction D.B.Act.Division Mobile Library 21/03/2022 DBAD/PUB 100.00 N JEV EN-115565 1 100.00 English Books

© Delhi Public Library
Hit Counter
free hit counter